Statistics for Most Premier League Assists 2014-2015

Click here to take the quiz!

General Stats

  • This quiz has been taken 52 times
  • The average score is 11 of 20

Answer Stats

HintAnswer% Correct
ChelseaCesc Fabregas
95%
ChelseaEden Hazard
85%
Manchester CityDavid Silva
83%
ArsenalSantiago Cazorla
78%
ArsenalAlexis Sanchez
70%
Manchester UnitedAngel Di Maria
65%
LiverpoolJordan Henderson
65%
Manchester CitySergio Aguero
65%
ChelseaOscar
63%
LiverpoolRaheem Sterling
63%
EvertonLeighton Baines
50%
Swansea CityGylfi Sigurdsson
45%
Manchester CityJesus Navas
45%
Tottenham HotspurErik Lamela
38%
West Bromwich AlbionChris Brunt
35%
Leicester CityJamie Vardy
33%
West Ham UnitedStewart Downing
30%
Queens Park RangersMatthew Phillips
23%
Crystal PalaceJason Puncheon
20%
Swansea CityJefferson Montero
20%

Score Distribution

Percentile by Number Answered

Percent of People with Each Score

Your Score History

You have not taken this quiz